Chansons d'Aya Nakamura - Statistiques

Statistiques générales
  • Ce quiz a été pris 81 fois
  • Le résultat moyen est 28 sur 78
Statistiques - réponses
Album # Réponse % Correct
Nakamura 2 Djadja
81%
Journal intime 10 Comportement
72%
Nakamura 4 Copines
70%
Nakamura 5 Pookie
66%
DNK 2 Baby
62%
Nakamura 1 La Dot
60%
Journal intime 7 Brisé
55%
Aya 5 Fly
55%
Destinée 2 No Stress
55%
DNK 9 J'ai mal
53%
Aya 4 Jolie Nana
53%
Journal intime 11 Soirée parisienne
51%
Destinée 17 Baddies
49%
Nakamura 10 Sucette
49%
DNK 3 Daddy
47%
Aya 3 Doudou
47%
Destinée 1 Anesthésie
43%
DNK 8 Cadeau
42%
Journal intime 2 Oumou Sangaré
42%
Journal intime 1 Angela
40%
Journal intime 8 Fuego
40%
Aya 1 Plus jamais
40%
Destinée 4 Alien
38%
Journal intime 3 Debout
38%
Destinée 7 Dis-moi
38%
Destinée 18 Kouma
38%
Destinée 11 Obsession
38%
DNK 4 SMS
38%
DNK 12 Chacun
36%
Nakamura 11 Gang
36%
Journal intime 16 Super-héros
36%
Destinée 3 Baby Boy
34%
Destinée 10 Blues
34%
Destinée 9 Carnet d'adresses
34%
Destinée 13 Désarmer
34%
Destinée 12 Pamela
34%
Destinée 16 Kata
32%
Nakamura 3 Pompom
32%
Destinée 15 Tralala
32%
DNK 13 Haut Niveau
30%
Aya 11 Hot
30%
Aya 12 Nirvana
30%
Journal intime 17 Oublier
30%
Journal intime 5 Problèmes
30%
Journal intime 6 Réponds
30%
Destinée 6 Summum
30%
Destinée 8 Bueno
28%
Nakamura 7 Faya
28%
DNK 15 Fin
28%
Destinée 5 Il veut
28%
Journal intime 4 Karma
28%
Aya 13 La Machine
28%
Nakamura 13 Oula
28%
Aya 15 Préféré
28%
Aya 7 Sentiments grandissants
28%
Aya 2 Tchop
28%
DNK 7 Beleck
26%
Journal intime 12 Jalousie
26%
Nakamura 9 Whine Up
26%
DNK 1 Corazon
25%
Nakamura 8 Gangster
25%
DNK 11 Le goût
25%
Journal intime 15 Orphelin
25%
Aya 6 Biff
23%
DNK 10 Coller
23%
Nakamura 12 Dans ma bulle
23%
Destinée 14 Débrancher
23%
Journal intime 13 Papys
23%
DNK 6 T'as peur
23%
DNK 5 Tous les jours
23%
Nakamura 6 Ça fait mal
21%
Journal intime 9 Je n'ai pas besoin de toi
21%
DNK 14 Bloqué
19%
Aya 9 Ça blesse
19%
Aya 8 Love de moi
19%
Aya 14 Mon Lossa
19%
Journal intime 14 Si tu savais
19%
Aya 10 Mon chéri
17%
Aucun quiz correspondant
Distribution des résultats
% des personnes avec chaque résultat
Percentile par nombre de réponses
Votre historique - résultats
Vous n’avez pas pris ce quiz